000 01242cad a22002175a 4500
001 L145766
008 081106s2008 xxkad f s 000 0 eng d
035 _a(Sirsi) u145766
041 _aeng
050 0 4 _a333.33 $2 18
110 2 _aColliers CRE
_95075
245 0 0 _aReal estate investment forecasts
_bthird quarter 2008
_h[electronic resource]
260 _aLondon
_bColliers CRE
_c2008
490 0 _aReal Estate Investment Forecasts
_vThird Quarter 2008
520 _aForecasts all property total returns of -10.9% in 2008, with capital values falling by 15.9%. In 2009, total returns are expected to recover to 3.8%, with further improvement in 2010 to 7.2%. Reports that the retail sector has suffered the greatest capital value decline to date and expect rents to fall further. Reports that industrial occupiers are delaying relocation decisions, investment transactions are muted and yields have risen above 8% in most non-prime locations. Land prices for development continue to fall.
590 _aKA
651 4 _aUnited Kingdom
_y
690 _aPROPERTY-COMMERCIAL PROPERTY-COMMERCIAL PROPERTY MARKET
856 4 0 _uwww.collierscre.com/market_reports.aspx
_zView the report free of charge at www.colliers.com...
942 _n0
999 _c108907
_d108907